| 000 | 00736nam a2200277Ia 4500 | ||
|---|---|---|---|
| 008 | 170203s9999 xx 000 0 und d | ||
| 020 | _a9780689854637 | ||
| 050 | _aFic | ||
| 050 | _b.B414t 2003 | ||
| 100 | _aBeechen, Adam. | ||
| 245 | _aNo more Mr. Smart Guy / | ||
| 245 | _cAdam Beechen. | ||
| 260 | _aNew York : | ||
| 260 | _bSimon Spotlight | ||
| 260 | _c2003 | ||
| 300 | _a32 pages : | ||
| 300 | _b color illustrations ; | ||
| 300 | _c23 cm. | ||
| 440 | _aAdventures of Jimmy Neutron, boy genius (Series) #3 | ||
| 650 | _aGenius -- | ||
| 650 | _aInventors -- | ||
| 650 | _aNeutron, Jimmy (Fictitious character) -- | ||
| 650 | _xFiction. | ||
| 650 | _xJuvenile fiction. | ||
| 650 | _xJuvenile fiction. | ||
| 999 |
_c306136 _d306136 |
||